<?xml version="1.0" encoding="UTF-8"?>
<record
    xmlns:xsi="http://www.w3.org/2001/XMLSchema-instance"
    xsi:schemaLocation="http://www.loc.gov/MARC21/slim http://www.loc.gov/standards/marcxml/schema/MARC21slim.xsd"
    xmlns="http://www.loc.gov/MARC21/slim">

  <leader>02104nam a2200397Ia 4500</leader>
  <controlfield tag="003">CO-MqBPB</controlfield>
  <controlfield tag="005">20221019083929.0</controlfield>
  <controlfield tag="007">ta</controlfield>
  <controlfield tag="008">210831s20132018sp     jr     000 jdspa d</controlfield>
  <datafield tag="020" ind1=" " ind2=" ">
    <subfield code="a">9788417782061</subfield>
  </datafield>
  <datafield tag="040" ind1=" " ind2=" ">
    <subfield code="a">CO-MqBPB</subfield>
    <subfield code="b">spa</subfield>
    <subfield code="e">rda</subfield>
    <subfield code="c">CO-MqBPB</subfield>
  </datafield>
  <datafield tag="082" ind1=" " ind2=" ">
    <subfield code="a">AC</subfield>
    <subfield code="b">DICc1</subfield>
  </datafield>
  <datafield tag="084" ind1=" " ind2=" ">
    <subfield code="a">C DIC1</subfield>
  </datafield>
  <datafield tag="100" ind1="1" ind2=" ">
    <subfield code="a">Dickens, Charles</subfield>
    <subfield code="d">1812-1870</subfield>
    <subfield code="e">autor</subfield>
    <subfield code="9">10934</subfield>
  </datafield>
  <datafield tag="110" ind1=" " ind2=" ">
    <subfield code="4">James, Henry</subfield>
  </datafield>
  <datafield tag="111" ind1=" " ind2=" ">
    <subfield code="4">Scott, Walter</subfield>
  </datafield>
  <datafield tag="245" ind1="1" ind2="0">
    <subfield code="a">Cuentos de fantasmas</subfield>
    <subfield code="c">Charles Dickens ; Henry James , Waltwr Scott  </subfield>
  </datafield>
  <datafield tag="250" ind1=" " ind2=" ">
    <subfield code="b">Primera edici&#xF3;n</subfield>
  </datafield>
  <datafield tag="264" ind1=" " ind2="1">
    <subfield code="a">Madrid , Espa&#xF1;a :</subfield>
    <subfield code="b">Mestas Ediciones</subfield>
    <subfield code="c">2019</subfield>
  </datafield>
  <datafield tag="300" ind1=" " ind2=" ">
    <subfield code="a">159 p&#xE1;ginas</subfield>
    <subfield code="c">19 cm</subfield>
  </datafield>
  <datafield tag="336" ind1=" " ind2=" ">
    <subfield code="a">texto</subfield>
    <subfield code="b">txt</subfield>
    <subfield code="2">rdacontent</subfield>
  </datafield>
  <datafield tag="337" ind1=" " ind2=" ">
    <subfield code="a">sin mediaci&#xF3;n</subfield>
    <subfield code="b">n</subfield>
    <subfield code="2">rdamedia</subfield>
  </datafield>
  <datafield tag="338" ind1=" " ind2=" ">
    <subfield code="a">volumen</subfield>
    <subfield code="b">nc</subfield>
    <subfield code="2">rdacarrier</subfield>
  </datafield>
  <datafield tag="490" ind1=" " ind2=" ">
    <subfield code="a">Edici&#xF3;n Biling&#xFA;e</subfield>
  </datafield>
  <datafield tag="520" ind1=" " ind2=" ">
    <subfield code="a">Un fantasma, un espectro o un esp&#xED;ritu es un s&#xED;mbolo inequ&#xED;voco de todo aquello de cuya existencia se duda, y aunque un hombre es capaz de dudar de muchas cosas, nos encontramos ante una cuesti&#xF3;n que nos desasosiega, nos inquieta y nos intriga, pues tiene mucho que ver con la vida en el m&#xE1;s all&#xE1; y con seres de ultratumba capaces de pervivir despu&#xE9;s de la muerte. Todo ello produce en el ser humano un residuo de temor ancestral que no es f&#xE1;cil ocultar, un cierto gusto por el sufrimiento y el horror que finalmente crea una adicci&#xF3;n, a veces inconfesable, en el lector, que descubre c&#xF3;mo una situaci&#xF3;n que parece de lo m&#xE1;s trivial termina desembocando en trances de aut&#xE9;ntico terror y perturbaci&#xF3;n desequilibrante. &#x2015;Incluye un vocabulario imprescindible para facilitar la lectura y el aprendizaje del idioma.</subfield>
  </datafield>
  <datafield tag="534" ind1=" " ind2=" ">
    <subfield code="t">To be read at dusk</subfield>
  </datafield>
  <datafield tag="545" ind1=" " ind2=" ">
    <subfield code="a">Incluye datos biogr&#xE1;ficos del autor en la solapa</subfield>
  </datafield>
  <datafield tag="650" ind1="1" ind2="7">
    <subfield code="a">Cuentos ingleses</subfield>
    <subfield code="y">Siglo XIX</subfield>
    <subfield code="2">LEMB</subfield>
    <subfield code="9">12339</subfield>
  </datafield>
  <datafield tag="650" ind1="1" ind2="7">
    <subfield code="a">Literatura inglesa</subfield>
    <subfield code="y">Siglo XIX</subfield>
    <subfield code="2">LEMB</subfield>
    <subfield code="9">7702</subfield>
  </datafield>
  <datafield tag="650" ind1="1" ind2="7">
    <subfield code="a">Fantasmas</subfield>
    <subfield code="v">Cuentos </subfield>
    <subfield code="2">LEMB</subfield>
    <subfield code="9">23542</subfield>
  </datafield>
  <datafield tag="650" ind1="1" ind2="7">
    <subfield code="a">Miedo</subfield>
    <subfield code="v">Cuentos </subfield>
    <subfield code="2">LEMB</subfield>
    <subfield code="9">186485</subfield>
  </datafield>
  <datafield tag="650" ind1="1" ind2="7">
    <subfield code="a">Suspenso</subfield>
    <subfield code="v">Cuentos </subfield>
    <subfield code="2">LEMB</subfield>
    <subfield code="9">105029</subfield>
  </datafield>
  <datafield tag="650" ind1="1" ind2="7">
    <subfield code="a">Ni&#xF1;os</subfield>
    <subfield code="v">Cuentos </subfield>
    <subfield code="2">LEMB</subfield>
    <subfield code="9">186486</subfield>
  </datafield>
  <datafield tag="650" ind1="1" ind2="7">
    <subfield code="a">Marinos</subfield>
    <subfield code="v">Cuentos </subfield>
    <subfield code="2">LEMB</subfield>
    <subfield code="9">23699</subfield>
  </datafield>
  <datafield tag="942" ind1=" " ind2=" ">
    <subfield code="c">BKLIT</subfield>
  </datafield>
  <datafield tag="999" ind1=" " ind2=" ">
    <subfield code="c">14504</subfield>
    <subfield code="d">14504</subfield>
  </datafield>
  <datafield tag="952" ind1=" " ind2=" ">
    <subfield code="0">0</subfield>
    <subfield code="1">0</subfield>
    <subfield code="2">ddc</subfield>
    <subfield code="4">0</subfield>
    <subfield code="7">0</subfield>
    <subfield code="8">LA</subfield>
    <subfield code="a">BPMOS</subfield>
    <subfield code="b">BPMOS</subfield>
    <subfield code="d">2022-10-19</subfield>
    <subfield code="e">Compra BPSJBM 2022</subfield>
    <subfield code="i">NT</subfield>
    <subfield code="l">0</subfield>
    <subfield code="o">AC DICc1</subfield>
    <subfield code="p">MOS502667</subfield>
    <subfield code="r">2022-10-19</subfield>
    <subfield code="t">EJ. 1</subfield>
    <subfield code="w">2022-10-19</subfield>
    <subfield code="y">BKLIT</subfield>
    <subfield code="z">Quince d&#xED;as</subfield>
  </datafield>
  <datafield tag="952" ind1=" " ind2=" ">
    <subfield code="0">0</subfield>
    <subfield code="1">0</subfield>
    <subfield code="2">ddc</subfield>
    <subfield code="4">0</subfield>
    <subfield code="7">0</subfield>
    <subfield code="8">LA</subfield>
    <subfield code="a">BPMOS</subfield>
    <subfield code="b">BPMOS</subfield>
    <subfield code="d">2022-10-19</subfield>
    <subfield code="e">Compra BPSJBM 2022</subfield>
    <subfield code="i">NT</subfield>
    <subfield code="l">2</subfield>
    <subfield code="o">AC DICc1</subfield>
    <subfield code="p">MOS502668</subfield>
    <subfield code="r">2025-01-14</subfield>
    <subfield code="s">2024-11-26</subfield>
    <subfield code="t">EJ. 2</subfield>
    <subfield code="w">2022-10-19</subfield>
    <subfield code="y">BKLIT</subfield>
    <subfield code="z">Quince d&#xED;as</subfield>
  </datafield>
</record>
